Programujeme v jazyku BASIC
Salvato in:
| Autore principale: | |
|---|---|
| Altri autori: | |
| Natura: | Libro |
| Lingua: | ceco |
| Pubblicazione: |
Praha
Stát. ped. nakl.
1989
|
| Tags: |
Nessun Tag, puoi essere il primo ad aggiungerne!!
|
MARC
| LEADER | 00000nam a2200000 4500 | ||
|---|---|---|---|
| 001 | c040446 | ||
| 005 | 20251204074403.5 | ||
| 041 | 0 | |a cze | |
| 044 | |a CZ | ||
| 245 | 1 | 0 | |a Programujeme v jazyku BASIC |c Zdeňek Jor, Vladimír Neuman |
| 264 | 1 | |a Praha |b Stát. ped. nakl. |c 1989 | |
| 300 | |a 108 s. | ||
| 100 | 1 | |a Jor, Zdeňek | |
| 700 | 1 | |a Neuman, Vladimír | |